Logo Biblioteca

El sí de las niñas / (Registro nro. 874)

Detalles MARC
000 -LEADER
fixed length control field 01223nam a22002417a 4500
003 - CONTROL NUMBER IDENTIFIER
control field AR-RoUNCS
005 - DATE AND TIME OF LATEST TRANSACTION
control field 20260204132229.0
008 - FIXED-LENGTH DATA ELEMENTS--GENERAL INFORMATION
fixed length control field 091109s2007 ag ||||gr |00| d spa
015 ## - NATIONAL BIBLIOGRAPHY NUMBER
National bibliography number AR-2007
020 ## - INTERNATIONAL STANDARD BOOK NUMBER
International Standard Book Number 978-950-581-016-1
040 ## - CATALOGING SOURCE
Original cataloging agency AR-BaBN
Language of cataloging spa
Transcribing agency AR-RoUNCS
Description conventions aacr
080 1# - UNIVERSAL DECIMAL CLASSIFICATION NUMBER
Universal Decimal Classification number 82-2(460)
Edition identifier 2016
100 1# - MAIN ENTRY--PERSONAL NAME
Personal name Fernández de Moratín, Leandro,
Dates associated with a name 1760-1828
Relator term autor
Relationship aut
245 13 - TITLE STATEMENT
Title El sí de las niñas /
Statement of responsibility, etc. Leandro Fernández de Moratín.
250 ## - EDITION STATEMENT
Edition statement 1a ed., 14 reimp.
260 ## - PUBLICATION, DISTRIBUTION, ETC.
Place of publication, distribution, etc. Buenos Aires :
Name of publisher, distributor, etc. Colihue,
Date of publication, distribution, etc. 2007.
300 ## - PHYSICAL DESCRIPTION
Extent 126 p. ;
Other physical details 18 cm.
490 0# - SERIES STATEMENT
Series statement Colección literaria.
520 3# - SUMMARY, ETC.
Summary, etc. El sí de las niñas es una obra de teatro española escrita por Leandro Fernández de Moratín, estrenada en 1806.<br/><br/>La comedia se refiere a los matrimonios concertados y a la falta de libertad de las mujeres en la elección de su pareja.<br/><br/>Aunque en aquella época fue prohibida por su revolucionario mensaje, sobrevivió a la censura y sigue siendo representada en la actualidad. Con ello, mantiene su vigencia como una de las críticas más agudas a las costumbres del siglo XVIII en España.<br/><br/>
650 #7 - SUBJECT ADDED ENTRY--TOPICAL TERM
Source of heading or term embne
Topical term or geographic name entry element Literatura española
Chronological subdivision Siglo XVIII
655 #7 - INDEX TERM--GENRE/FORM
Genre/form data or focus term Comedia
Source of term embne
942 ## - ADDED ENTRY ELEMENTS (KOHA)
Source of classification or shelving scheme Universal Decimal Classification
Koha item type Libro de préstamo a domicilio
Suppress in OPAC No
Existencias
Withdrawn status Lost status Source of classification or shelving scheme Damaged status Not for loan Collection Home library Current library Date acquired Source of acquisition Total checkouts Full call number Barcode Date last seen Price effective from Koha item type
    Universal Decimal Classification     Colección General Biblioteca Escuela de Ciencias Sociales Biblioteca Escuela de Ciencias Sociales 04/02/2026 Donación 2023   82-2(460) F363 000287 04/02/2026 04/02/2026 Libro de préstamo a domicilio
Biblioteca de la Escuela Preuniversitaria en Ciencias Sociales y Humanísticas.
Riobamba 250 bis.
CP 2000 - Rosario - Santa Fe
E-Mail: biblioteca@esociales.unr.edu.ar